Biblioteca de la lengua : (Registro nro. 220)
[ vista simple ]
| 000 -Cabecera | |
|---|---|
| Campo de control interno | 01243nam a2200217Ia 4500 |
| 005 - Fecha y hora del registro | |
| control field | 20260303074319.0 |
| 008 - Elementos de Longitud Fija | |
| fixed length control field | 251203t2002||||xx |||||||||||||| ||spa|| |
| 020 ## - ISBN | |
| ISBN | 8467002107 |
| 041 ## - Idioma | |
| Codigo Idioma | ESP |
| 082 ## - DEWEY y NOTACIÓN INTERNA | |
| Dewey | RO 410 |
| Notación Interna | B141 |
| 110 ## - AUTOR INSTTITUCIONAL | |
| Autor Institucional | Editorial Espasa Calpe |
| 245 #0 - TÍTULO DE MATERIAL BIBLIOGRÁFICO | |
| Título | Biblioteca de la lengua : |
| Título paralelo | Tomos 1-12 |
| 260 ## - CIUDAD, EDITORIAL, AÑO | |
| Ciudad | Madrid : |
| Nombre de la Editorial | Espasa Calpe, |
| Año | 2002 |
| 300 ## - DESCRIPCIÓN | |
| N° Páginas | Varias paginaciones : |
| Otros detalles | |
| Dimensiones | 27 cm. |
| 505 ## - TABLA DE CONTENIDO | |
| Tabla de Contenido | Contiene: Tomo 1: Diccionario de sinónimos y antónimos / A-G; Tomo 2: Diccionario de sinónimos y antónimos / H-Z; Tomo 3: Diccionario de dudas y dificultades / A-G; Tomo 4: Diccionario de dudas y dificultades / H-Z; Tomo 5: Ortografía esencial del español; Tomo 6: Gramática esencial del español (la lengua, los sonidos, las frases y las palabras); tomo 7: Gramática esencial del español (las frases y las palabras (continuación), el uso); Tomo 8: Diccionario español-inglés / A-H; Tomo 9: Diccionario español-inglés / I-Z; Tomo 10: Diccionario inglés-español / A-I; Tomo 11: Diccionario inglés-español / J-Z; Tomo 12: Gramática inglesa |
| 650 ## - TEMAS | |
| Temas | Lenguas |
| 653 ## - DESCRIPTORES | |
| Lenguajes no controlado | Lingüística; Diccionario - Sinónimos - Antónimos; Gramática |
| 654 ## - PROGRAMAS | |
| Programa | Todos los programas |
| 942 ## - ELEMENTOS DE KOHA | |
| Tipo de documento | Libro |
| Nombre del creador | Justo Noguera |
| Código de catalogador | Tania Ramirez |
| Esquema de clasificación | Dewey Decimal Classification |
| Codigo completo | Registro | Colección | Copia número | Disponibilidad | Tipo de préstamo | Biblioteca Actual | Procedencia (Biblioteca) | Ubicacón | Fecha Ingreso | Tipo de Adquisición | Date last seen | Total checkouts | Price effective from | Tipo de Item | Estado del Material | Fuente de Clasificación | Damaged status | Withdrawn status |
|---|---|---|---|---|---|---|---|---|---|---|---|---|---|---|---|---|---|---|
| RO 410 B141 | 1085091 | Colección Vera Bejar | 1 | Disponible | Restringido | Víctor Andrés Belaunde | Víctor Andrés Belaunde | Planta baja cerrada | 03/12/2025 | Donación | 03/12/2025 | 03/12/2025 | Libro | Bueno | Dewey Decimal Classification | Withdrawn |




